000 00972nam a2200289 a 4500
001 49209
003 BD-RjUL
005 20211209054642.0
008 160818r20031997enka b 001 0 eng
020 _a0340676884 (pbk.)
035 _a(BD-RjUL)49328
040 _aDLC
_cDLC
_dDLC
_dBD-RjUL
_beng
041 _aeng
082 0 0 _221
_a306
_bSTU 2003
245 0 0 _aStudying culture :
_ban introductory reader /
_cedited by Ann Gray and Jim McGuigan.
250 _a2nd ed.
260 _aLondon ;
_aNew York :
_bArnold ;
_bDistributed exclusively in the USA by St. Martin's Press,
_c1997.
_c[Reprinted 2003]
300 _axv, 367 p. :
_bill. ;
_c24 cm.
504 _aIncludes bibliographical references and index.
650 0 _aPopular culture.
_9147906
650 0 _aCulture.
_9147907
651 0 _aGreat Britain
_xCivilization
_y1945-
_9147908
700 1 _aGray, Ann,
_d1946-
_9147909
700 1 _aMcGuigan, Jim.
_9147910
942 _2ddc
_cBK
999 _c49209
_d49209